Logo BPK

Bibliografia Prac Pracowników

Politechniki Koszalińskiej

Nowe metody zagospodarowania miejscowości nadmorskich dla celów rekreacyjnych / (Rekord nr 4034)

Szczegóły MARC
000 -ETYKIETA REKORDU
podpole kontrolne o stałej długości 01303nab a2200229 i 4500
001 - NUMER KONTROLNY REKORDU
podpole kontrolne BPP
003 - IDENTYFIKATOR NUMERU KONTROLNEGO REKORDU
podpole kontrolne BPK
005 - DATA OSTATNIEJ MODYFIKACJI REKORDU
podpole kontrolne 20160113093222.0
008 - POLE O STAŁEJ DŁUGOŚCI - DANE KONTROLNE
podpole kontrolne o stałej długości 160113s1970 pl | | |000 ||pol
040 ## - ŹRÓDŁO KATALOGOWANIA
Instytucja, która utworzyła rekord BPK
080 ## - UNIWERSALNA KLASYFIKACJA DZIESIĘTNA - UKD
UKD 69
100 ## - NAZWA OSOBOWA
Nazwa osobowa BIELAK, Janusz.
Lata pracy 1969 - 1996.
Instytucja Wyższa Szkoła Inżynierska w Koszalinie - Instytut Budownictwa Lądowego,
Wydział Zakład Ekonomiki i Organizacji Budownictwa
245 ## - TYTUŁ/ODPOWIEDZIALNOŚĆ
Tytuł Nowe metody zagospodarowania miejscowości nadmorskich dla celów rekreacyjnych /
Pozostałe elementy strefy tytułu i oznaczenia odpowiedzialności Janusz Bielak.
260 ## - STREFA ADRESU WYDAWNICZEGO
Data publikacji, dystrybucji/powstania dokumentu 1970.
500 ## - UWAGI OGÓLNE
Tekst uwagi Dane z autopsji.
520 ## - UWAGA DOTYCZĄCA TREŚCI DOKUMENTU
Analiza dokumentacyjna, adnotacja itp. Koszalińskie ma szczególny obowiązek podkreślania i rozwijania nowych metod zagospodarowania rekreacyjnego pasa nadmorskiego. Mamy 160 km wybrzeża i pilną potrzebę poszukiwania wszystkich dróg "odwracania województwa twarzą ku morzu". Szerokie wykorzystanie uroków morza dla celów turystyki i wypoczynku może być wielkim wkładem w rozwój morskich zainteresowań społecznych, jak również, że jest to ważny kierunek rozwoju ekonomicznego województwa.
650 #0 - HASŁO PRZEDMIOTOWE W FORMIE NAZWY OGÓLNEJ LUB JEDNOSTKOWEJ
Nazwa ogólna lub geograficzna Turystyka.
650 #0 - HASŁO PRZEDMIOTOWE W FORMIE NAZWY OGÓLNEJ LUB JEDNOSTKOWEJ
Nazwa ogólna lub geograficzna Odpoczynek.
650 #0 - HASŁO PRZEDMIOTOWE W FORMIE NAZWY OGÓLNEJ LUB JEDNOSTKOWEJ
Nazwa ogólna lub geograficzna Brzegi morskie.
773 ## - TYTUŁ DOKUMENTU MACIERZYSTEGO
Wyrażenie wprowadzające W :
Tytuł Koszalińskie Studia i Materiały. -
Adres wydawniczy Koszalin : Koszalińskie Towarzystwo Społeczno-Kulturalne, 1970. -
Informacje dotyczące relacji s. 93-108
942 ## - HASŁO DODATKOWE - ELEMENTY(KOHA)
Typ dokumentu Artykuł
Schemat klasyfikacji Uniwersalna klasyfikacja dziesiętna
Egzemplarze
Wycofany Zagubiony Uszkodzony Dostępność Lokalizacja stała Lokalizacja bieżąca Sygnatura Typ dokumentu
      Dostępny Bibliografia Prac Pracowników - BPK Bibliografia Prac Pracowników - BPK 0856 Artykuł
© 2014 Biblioteka Politechniki Koszalińskiej :: BIBLIOGRAFIA PRAC PRACOWNIKÓW